| 000 | 00446nam a2200157 i 4500 | ||
|---|---|---|---|
| 001 | 78346 | ||
| 003 | ES-MaACL | ||
| 005 | 20230906173650.0 | ||
| 007 | t| | ||
| 008 | 041013s1946 ne ||||1| eng d | ||
| 100 | 1 |
_aHage, Johannes. _961440 |
|
| 245 | 1 | 0 |
_aBond value tables / _cby Johannes Hage. |
| 260 |
_aThe Hague : _bMartinus Nijhoff, _c1946 ( _fN. V. van de Garde) |
||
| 300 |
_aXII, 242 p. ; _c28 cm. |
||
| 852 |
_aES-MaACL _jC-4454 _bR.24315 |
||
| 999 |
_c78346 _d78346 |
||